| 000 | 01369nam a2200265 i 4500 | ||
|---|---|---|---|
| 003 | DO-SdBNP | ||
| 005 | 20250501100644.0 | ||
| 007 | ta | ||
| 008 | 250501b2010 dr ac||| |||| 00| 0 spa d | ||
| 020 | _a9789945873238 | ||
| 040 |
_aDO-SdBNP _bspa _cBNPHU _erda |
||
| 041 | _aspa | ||
| 082 | 4 |
_axxx _bxxx _222 |
|
| 100 | 1 |
_aMunné T., Antonio E. _eautor _4aut. _987616 |
|
| 245 | 1 | 0 |
_aMunné & Co. : _b75 años de historia / _cAntonio E. Munné T. |
| 264 |
_aSanto Domingo, República Dominicana : _bEditora Búho, _c2010. |
||
| 300 |
_a70 páginas : _bilustraciones, mapas, retratos ; _c23 cm. |
||
| 336 |
_atexto _btxt _2rdacontent |
||
| 337 |
_asin mediación _bn _2rdamedia |
||
| 338 |
_avolumen _bnc _2rdacarrier |
||
| 505 | _a1.Prólogo -- II. José María Munné Trullols 1902-1976 -- III. Orígenes de la compañía -- IV. La flota mercante dominicana -- V. La exportadora de cacao C. por A. 1953-1961 -- VI. Desarrollo y evolución de la compañía -- VII. Los cambios continúan -- VIII. La segunda generación -- IX. La nueva estrategia -- X. La industria del cacao y el chocolate -- XI. La compañía continua -- XII. Las nuevas importaciones -- XIII. El cacao orgánico y la Hispaniola -- XIV. Xocolat -- XV. El presente y la misión -- XVI. La historia de Munné & Co. --Anexos. | ||
| 590 | _aInventariado, 2025 /LP | ||
| 910 | _aLP | ||
| 942 |
_2ddc _cLBS1 |
||
| 999 |
_c58888 _d58888 |
||